00432 2200169 4500001002100000005001500021035002000036007000300056008004100059082001200100084001800112100002200130245003200152250000600184260004400190300002800234INLIS00000000000018920190306122411 a0010-0319000006ta190306 d 1  a899.221 a899.221 ARI u0 aArif I.Y. Pranata1 aUjian Terakhir /cNuruddien a1 aJogjakarta :bMitra Bocah Muslim,c2010 a96 hlm :bilus ;c20 cm